000 00602nam a22001817a 4500
003 UA-OsUOA
001 15546
007 ta
008 20031117b un ||||| |||| 00| 0 ukr d
100 _aБондарчук Я.
942 _cSA
040 _aUA-OsUOA
_cUA-OsUOA
_dUA-OsUOA
245 _aСузір'я князів Острозьких : [Гіпотеза про походження роду кн. Острозьких]
300 _aС.47-48
955 _a0
773 0 _w0
_tВолання з Волині
_dОстріг
_d2003
_g№4/Лип.-Серп./
650 7 _aВидатні діячі
_2UDC
999 _c301711
_d301711